| 000 | 00862cam a22002655a 4500 | ||
|---|---|---|---|
| 001 | 17973104 | ||
| 005 | 20151101135950.0 | ||
| 008 | 131216s2015 nyua frb 001 0 eng d | ||
| 020 | _a0415833825 | ||
| 020 | _a9780415833820 | ||
| 040 |
_aDLC _beng _cDLC _dEG-ScBUE |
||
| 082 | 0 | 4 |
_a320.019 _bHOU _222 |
| 100 | 1 |
_aHoughton, David Patrick. _938255 |
|
| 245 | 1 | 0 |
_aPolitical psychology : _bsituations, individuals, and cases / _cDavid Patrick Houghton. |
| 250 | _a2nd ed. | ||
| 260 |
_aNew York ; _aOxon : _bRoutledge / Taylor & Francis Group, _c2015. |
||
| 300 |
_ax, 329 p. : _bill. ; _c24 cm. |
||
| 500 | _aIndex : p. 316-329. | ||
| 504 | _aIncludes bibliographical references. | ||
| 650 | 0 |
_aPolitical psychology. _2BUEsh _933747 |
|
| 651 | _2BUEsh | ||
| 653 |
_bBUSBOL _cJuly2015 _cNovember2015 |
||
| 655 |
_vText book _933728 |
||
| 942 |
_2ddc _k320.019 HOU |
||
| 999 |
_c20128 _d20100 |
||